000 00527cam a2200205ua 4500
020 _c225.00
041 _aeng
_h
082 _a671.52
_bLIT/WE
100 _aLittle, Richard L .
245 _aWelding and welding Technology /
_cL Richard Little.
_hTextual Documents
250 _a1 /
_b.
260 _aNew Delhi :
_bTata Mc-Graw Hill Publishing Company ,
_c2006.
300 _a433 ; .
365 _a225.00
504 _a
942 _cBK
999 _c3304
_d3304